Model course 7.08 : Electro-technical officer (Record no. 11880)

000 -LEADER
fixed length control field 01115nam a22001937a 4500
008 - FIXED-LENGTH DATA ELEMENTS--GENERAL INFORMATION
fixed length control field 210408b 2014 ||||| |||| 00| 0 eng d
020 ## - INTERNATIONAL STANDARD BOOK NUMBER
International Standard Book Number 9789280115802
082 ## - DEWEY DECIMAL CLASSIFICATION NUMBER
Classification number Column - 11
Item number IMO
100 ## - MAIN ENTRY--PERSONAL NAME
Personal name International Maritime Organization
245 ## - TITLE STATEMENT
Title Model course 7.08 : Electro-technical officer
260 ## - PUBLICATION, DISTRIBUTION, ETC. (IMPRINT)
Place of publication, distribution, etc London
Name of publisher, distributor, etc IMO
Date of publication, distribution, etc 2014
300 ## - PHYSICAL DESCRIPTION
Extent vii, 190p.
504 ## - BIBLIOGRAPHY, ETC. NOTE
Bibliography, etc "Includes Appendix".
520 ## - SUMMARY, ETC.
Summary, etc This model course aims to meet the mandatory minimum requirements for knowledge, understanding, and proficiency in Table A-III/6 of STCW Code for the function Electrical, Electronic and Control Engineering at the Operational Level, for the function Maintenance and Repair at the Operational Level and the background knowledge to support Controlling the Operation of the Ship and Care for Persons on Board at the Operational Level.
650 ## - SUBJECT ADDED ENTRY--TOPICAL TERM
Topical term or geographic name as entry element Electrical, Electronic and control engineering at the operational level
650 ## - SUBJECT ADDED ENTRY--TOPICAL TERM
Topical term or geographic name as entry element Maintenance and repair at the operational level
650 ## - SUBJECT ADDED ENTRY--TOPICAL TERM
Topical term or geographic name as entry element Controlling the operation of the ships and care for persons on board at the operational level
942 ## - ADDED ENTRY ELEMENTS (KOHA)
Item type Books
Holdings
Withdrawn status Lost status Source of classification or shelving scheme Damaged status Not for loan Collection code Permanent location Current location Shelving location Date acquired Full call number Barcode Date last seen Koha item type Public note
          Non-fiction IMU-MPC Library IMU-MPC Library Reference 2021-04-08 623.88 IMO MPC6242 2025-03-17 Books Column-11
Copyright © 2021 Indian Maritime University, Mumbai Port Campus. All Rights Reserved. Managed & Maintained by Central Library, IMU-Mumbai

webs counters

Powered by Koha